00575nam a2200193 a 4500001001300000003000900013005001700022008004100039020002300080082001900103100001900122245006900141260004400210300000900254500003500263505003600298650002800334700001900362nice12345678IN_TiNIC20260116014548.0050524s1999 lona grp 000 0 eng  a0197491 c45000a891.43909bRUS aRussell, Ralph aHow Not to Write the History of Urdu Literature and Other Essays aLondan bOxford University Press c1999 a235p aincludes index and biblioraphy2 aGlossary, Index of Proper Names aUrdu-Literature-history1 aRussell, Ralph